Wird geladen...
A Concise Essay on the Medical Treatment of Malabar Coolies, Employed on the Coffee Estates of Ceylon
| 1. Verfasser: | |
|---|---|
| Format: | Printed Book |
| Veröffentlicht: |
LONDON
HARRISON
1865
|
| Schlagworte: | |
| Online Zugang: | http://10.26.1.76/ks/005935.pdf |
| LEADER | 00449nam a22001217a 4500 | ||
|---|---|---|---|
| 100 | |a J. Thwaites |9 36541 | ||
| 245 | |a A Concise Essay on the Medical Treatment of Malabar Coolies, Employed on the Coffee Estates of Ceylon | ||
| 260 | |a LONDON |b HARRISON |c 1865 | ||
| 650 | |a DIGITAL BOOK ARCHIVE; |9 36542 | ||
| 856 | |u http://10.26.1.76/ks/005935.pdf | ||
| 942 | |c KS | ||
| 999 | |c 87452 |d 87452 | ||
| 952 | |0 0 |1 0 |4 0 |7 0 |9 79762 |a MGUL |b MGUL |d 2016-07-13 |l 0 |r 2016-07-13 |w 2016-07-13 |y KS | ||